Gran atlas de anatomía humana / (Registro nro. 2273)

Detalles MARC
000 -LEADER
fixed length control field 00996nam a2200277 a 4500
005 - FECHA ULTIMA MODIFICACION
control field 20240412121725.0
008 - CAMPO DE CONTROL (LIBRO)
fixed length control field 100827t1986||||sp o f |||| 001 0 spa d
020 ## - INTERNATIONAL STANDARD BOOK NUMBER
ISBN 84-7605-250-2
041 ## - CODIGO DE IDIOMA
Código de idioma del texto/pista de sonido o título separado spa
092 ## - SIGNATURA TOPOGRAFICA DEWEY LOCAL
número de clasificación 611.022
libristica 51
sección MCM
100 1# - ENTRADA PRINCIPAL--NOMBRE PERSONAL
Nombre personal McMinn, R. M. H.
9 (RLIN) 3084
245 ## - TITULO PROPIAMENTE DICHO
Título Gran atlas de anatomía humana /
Mención de responsabilidad y remanente de la transcripción de la portada R. M. H. McMinn
250 ## - MENCION DE EDICION
Mención de edición 1a ed. en español de la obra original en inglés /
Mención de responsabilidad relacionada con la ed. Traducción y adaptación Ivonne Lastra
260 ## - PIE DE IMPRENTA
Lugar de publicación, distribución, etc Barcelona:
Nombre de la editorial, distribuidor, etc Interamericana;
Fecha de publicación 1986.
300 ## - DESCRIPCION FISICA
Extension 532 p.
Otros detalles físicos 1211 imágenes, 1117 en color y 94 radiografías, TC y RM
500 ## - NOTA GENERAL
Nota general McMinn, R. M. H. (1986). Gran atlas de anatomía humana. (1a ed.). Barcelona : Interamericana.
653 ## - TÉRMINO INDIZADO - PALABRAS CLAVES
Palabra clave Anatomía general
653 ## - TÉRMINO INDIZADO - PALABRAS CLAVES
Palabra clave Cabeza y cuello
653 ## - TÉRMINO INDIZADO - PALABRAS CLAVES
Palabra clave Tronco
653 ## - TÉRMINO INDIZADO - PALABRAS CLAVES
Palabra clave Organos torácicos
653 ## - TÉRMINO INDIZADO - PALABRAS CLAVES
Palabra clave Organos abdominales
653 ## - TÉRMINO INDIZADO - PALABRAS CLAVES
Palabra clave Organos retroperitoneales
653 ## - TÉRMINO INDIZADO - PALABRAS CLAVES
Palabra clave Miembro [extremidad] superior
653 ## - TÉRMINO INDIZADO - PALABRAS CLAVES
Palabra clave Miembro [extremidad] inferior
942 ## - ADDED ENTRY ELEMENTS (KOHA)
Source of classification or shelving scheme Dewey Decimal Classification
Item type Libros
Existencias
Estado de retiro Existencia Fuente de clasificación Estado general No para prestamo Ubicación permanente ubicación actual Sala de ubicación Fecha de adquisición Fuente de adquisición Total Checkouts Número de clasificación Código de barras Date last seen Date last borrowed Número de ejemplar Price effective from Koha tipo de elemento (item) Public note Coded location qualifier
    Dewey Decimal Classification     Biblioteca Medicina Biblioteca Medicina Circulación 12/12/2016 Donación Coco Sarti, Noviembre 2016 1 611.022 51 MCM 3729 24/02/2017 12/12/2016 Ej.1 12/12/2016 Libros Donación Coco Sarti, Noviembre 2016 Hemeroteca 2022  

UNIVERSIDAD NACIONAL DEL COMAHUE
Biblioteca de la Facultad de Ciencias Médicas
Sede Toschi: Los Arrayanes y Av. Toschi, Cipolletti  - Rio Negro
Sede Los Tordos:  Yrigoyen al 2211, Cipolletti - Rio Negro 

Teléfono: 0299 - 4774707 int 25
Contacto: biblioteca@facimed.uncoma.edu.ar
© 2011 - 2026